• 首页
  • 本馆介绍
  • 公告通知
  • 最新文献
  • 馆藏检索
  • 电子资源
  • 读者导购
  • 参考咨询
  • 我的图书馆
  • 登录
  • 详细信息显示
  • 放入我的书架
  • 预约/预借图书
  • 作者相关作品
  • 分类相关作品
  • 丛书相关作品
  • 出版社相关作品

书目信息

  • 表格格式
  • 工作单格式
  • 卡片格式
题名:
电子元件材料手册
    
 
作者: 曲喜新 主编
分册:  
出版信息: 北京   电子工业出版社  1989.7
页数: 1030页
开本: 26厘米
丛书名:
单 册:
中图分类: TN604 , TN604-62
科图分类:
主题词: 电子元件-电子材料--手册 , 电子材料-电子元件--手册
电子资源:
ISBN: 7-5053-0209-4
000 00888nam0 2200253 45
001 0190012053
005 20061124092421.28
010    @a7-5053-0209-4@dCNY26.00
100    @a19921221d1989 ekmy0chiy0121 ea
101 0  @achi
102    @aCN@b110000
105    @ay z 000yy
200 10 @a电子元件材料手册@ADIAN ZI YUAN JIAN CAI LIAO SHOU CE@f曲喜新主编@FQU XI XIN ZHU BIAN@g《电子元件材料手册》编写组编
210    @a北京@c电子工业出版社@d1989.7
215    @a1030页@d26厘米
330    @a本书较系统地全面介绍了电阻器、电位器、电容器、敏感元件和厚薄膜混合集成电路使用的各种材料。
540 1  @a电子 元件 材料 手册@ADIAN ZI YUAN JIAN CAI LIAO SHOU CE
606    @a电子元件-电子材料@x手册
606    @a电子材料-电子元件@x手册
690    @aTN604@v三版
690    @aTN604-62@v3
701  0 @a曲喜新@AQU XI XIN@4主编
801  0 @aCN@bTSSF@c20061124
905    @a10447@dTN604-62@e50
    
    电子元件材料手册/曲喜新主编/《电子元件材料手册》编写组编.-北京:电子工业出版社,1989.7
    1030页;26厘米
    
    
    ISBN 7-5053-0209-4:CNY26.00
    本书较系统地全面介绍了电阻器、电位器、电容器、敏感元件和厚薄膜混合集成电路使用的各种材料。
●
相关链接 在E读中查询图书 在五车中查询图书 在当当中查询图书 在豆瓣中查询图书


正题名:电子元件材料手册     索取号:TN604-62/50         预约/预借

序号 登录号 条形码 馆藏地/架位号 状态 备注
1 0226205   001354983   第二样本阅览室/ [索取号:TN604-62/50] 在馆    
唐山师范学院图书馆 欢迎您!
大连网信软件有限公司© 版权所有